000 00452nam a2200145 i 4500
001 50014
003 ES-MaACL
007 t|
008 030728s1974 sp ||||1| spa d
100 1 _aCriado Miguel, Isabel.
_941606
245 1 0 _aPersonalidad de Pío Baroja
_b: trasfondo psicológico de un mundo literario /
_cIsabel Criado Miguel.
260 _aBarcelona :
_bPlaneta,
_c[1974]
300 _a329 p. ;
_c22 cm.
852 _aES-MaACL
_jE-5878
_bR.90263
999 _c50014
_d50014